| 000 | 00348nam a2200133Ia 4500 | ||
|---|---|---|---|
| 008 | 220204s9999 xx 000 0 und d | ||
| 082 |
_a57.086.3 _bMEE |
||
| 100 | _aMEEK, Geoffery | ||
| 245 | 0 | _aPractical electron microscopy for biologists. | |
| 250 | _aEd.2 | ||
| 260 |
_aLondon _bJohn Wiley _c1976 |
||
| 650 | _aElectron microscopy | ||
| 942 | _cBK | ||
| 999 |
_c27613 _d27613 |
||